|
|
|
|
| LEADER |
00797cas a2200181 a 4500 |
| 001 |
AALejournalResearch4Life000001000735 |
| 008 |
240902c9999 xx r poo 0 0eng d |
| 022 |
|
|
|a 1868-5021
|
| 022 |
|
|
|a 1868-503x
|
| 040 |
|
|
|a BD-DhAAL
|c BD-DhAAL
|
| 245 |
0 |
0 |
|h [electronic resource]
|a Biomolecular Concepts
|
| 260 |
|
|
|b Cambridge University Press
|
| 300 |
|
|
|a 1 online resource
|
| 362 |
0 |
|
|a v. 1:1 (2010) - current issue
|
| 500 |
|
|
|a <strong>On-Campus Access Only (IP based access)</strong>
|
| 506 |
|
|
|a Electronic access restricted to authorized BRAC University faculty, staff and students
|
| 538 |
|
|
|a Mode of access: Internet
|
| 856 |
4 |
0 |
|z Full text available on Research4Life (HINARI,AGORA,OARE,ARDI & GOALI)
|u https://login.research4life.org/tacsgr1www_degruyter_com/openurl?genre=journal&issn=1868-503X
|